000 00455cam a22001934a 4500
005 20250605164202.0
008 250528s ||||||||||||||||||||||||d
035 _a19746
020 _a135565154
040 _aGR-AtMCL
_bgre
_dGR-AtMCL
_eAACR2
245 1 _aTHE MARKETING RESEARCH PROCESS
250 _a3
260 _bPrentice Hall,
_c1990
300 _a336
700 1 _aCrimp Margaret
_92105
942 _cBK
999 _c5002
_d5002